Sestra odborný mesačník pre ošetrovateľstvo
| New Title: | Sestra a lekár v praxi |
|---|---|
| Other Authors: | , , |
| Format: | Journal |
| Language: | Slovak |
| PhysicalDescription: | zv. 28 cm |
| Published: |
Bratislava
Strategie na Slovensku
2002-
Bratislava Sanoma Magazines Slovakia Bratislava Ecopress Silvia Hodálová - Viuss |
| ISSN: | 1335-9444 |
| Subjects: |
MARC
| LEADER | 00000cas a2200000 a 4500 | ||
|---|---|---|---|
| 001 | vtls001466104 | ||
| 003 | SK-MaSNL | ||
| 005 | 20260228160717.0 | ||
| 008 | 040113c20029999xo br p 0 0b0slo | ||
| 022 | |a 1335-9444 | ||
| 035 | |a SNK000421409 | ||
| 035 | |a (SVKBB03)vtls000103732 | ||
| 040 | |a SNK |b slo |c SNK |d SVKBB |e AACR2 | ||
| 041 | 0 | |a slo | |
| 044 | |a xo |c SK | ||
| 072 | 7 | |a 616 |x Patológia. Klinická medicína |2 konspekt | |
| 080 | |a 050 |2 2001 | ||
| 080 | |a 614.253.5 |2 2001 | ||
| 080 | |a 616-083 |2 2001 | ||
| 080 | |a (051)-027.561 |2 2011 | ||
| 210 | 0 | |a Sestra |b (Bratisl.) | |
| 222 | 0 | |a Sestra |b (Bratislava) | |
| 245 | 0 | 0 | |a Sestra |b odborný mesačník pre ošetrovateľstvo |
| 246 | 3 | 1 | |a Sestra |b odborný časopis s recenzovanou prílohou pre sestry, pôrodné asistentky, lekárov a iných zdravotníckych pracovníkov |
| 260 | |a Bratislava |b Strategie na Slovensku |c 2002- | ||
| 260 | 2 | |3 10/2002-7-8/2006 |a Bratislava |b Sanoma Magazines Slovakia | |
| 260 | 2 | |3 2011-12/2014 |a Bratislava |b Ecopress | |
| 260 | 3 | |3 1-2/2015- Bratislava |b Silvia Hodálová - Viuss | |
| 300 | |a zv. |c 28 cm | ||
| 310 | |a 6x ročne |b 2006- | ||
| 321 | |a 1x mesačne |b 2002-2005 | ||
| 362 | 0 | |a Roč. I, [č. 1] (jan. 2002)-roč. V, č. 7-8 (2006) ; roč. X, č. 9/10 (2011)- | |
| 500 | |a Podnázov od roč. V, č. 1/2 (2006): odborný dvojmesačník pre ošetrovateľstvo | ||
| 500 | |a Šéfredaktorka: 2002-?, Vlasta Husárová ; ?-1-2/2015, Katarína Lovasová ; 3-4/2015-, Silvia Hodálová | ||
| 500 | |a Reg. číslo: MK SR 2698/2001 ; EV 3684/09 | ||
| 500 | |a Podnázov od roč. V, č. 3/4 (2006): časopis pre zdravotníckych pracovníkov a inú odbornú verejnosť | ||
| 500 | |a Podnázov od roč. X, č. 9/10 (2011): odborný časopis pre sestry, pôrodné asistentky a iných zdravotníckych pracovníkov | ||
| 500 | |a Podnázov od roč. I, č. 1 (2002)-roč. IV, č. 12 (2005): odborný mesačník pre ošetrovateľstvo | ||
| 500 | |a Reg. číslo: MK SR EV 5122/15 | ||
| 500 | |a Podnázov sa mení | ||
| 515 | |a Č. 7, 8 vychádza ako letné dvojčíslo (2002-2005) | ||
| 515 | |a Od roč. V (2006) vychádza 6x ročne s označením čísiel ako dvojčísla | ||
| 525 | |a Príloha: Tématický zošit (súčasť väzby hlavného titulu), zmena názvu (od r. 2013) na: Odborná príloha | ||
| 650 | 0 | 7 | |a zdravotné sestry |2 SNKPH |9 70278 |
| 650 | 0 | 7 | |a pôrodné asistentky |2 SNKPH |9 67638 |
| 650 | 0 | 7 | |a ošetrovateľstvo |2 SNKPH |9 2557 |
| 655 | 7 | |a odborné časopisy |2 SNKPH |9 70505 | |
| 700 | 1 | |a Husárová, Vlasta |4 pbd |9 267169 | |
| 700 | 1 | |a Lovasová, Katarína |4 pbd |9 266511 | |
| 700 | 1 | |a Hodálová, Silvia |4 pbd |9 267170 | |
| 770 | 0 | |t Tématický zošit | |
| 770 | 0 | |t Odborná príloha | |
| 785 | 0 | 0 | |t Sestra a lekár v praxi |w (SNK) vtls008961750 |
| 852 | |a Štátna vedecká knižnica v Banskej Bystrici | ||
| 910 | |a snk | ||
| 910 | |a svkbb | ||
| 916 | |a 2002-2014, 2015-2018, 2019, 2020 | ||
| 999 | |c 3439 |d 5369 | ||
| 952 | |0 0 |1 0 |4 0 |7 0 |8 0 |a SNK |b SNK |d 2021-09-09 |f 1 |i snk2021/12149 |l 0 |o snkČSB 5625/18/2019 |p 17A1435839 |r 2026-02-21 19:29:33 |t č. 1-12 |w 2026-02-21 |y PREZ | ||
| 952 | |0 0 |1 0 |4 0 |7 0 |8 0 |a SNK |b SNK |d 2022-06-30 |i snk2022/10804 |l 0 |o snkČSB 5625/17/2018 D1 |p 17A1463300 |r 2026-02-21 20:00:55 |t č. 1-12, neúplné |w 2026-02-21 |y PREZ |z Chýba č. 9-12 | ||
| 952 | |0 0 |1 0 |4 0 |7 0 |8 0 |a SNK |b SNK |d 2022-06-30 |i snk2022/10805 |l 0 |o snkČSB 5625/18/2019 D1 |p 17A1463301 |r 2026-02-21 20:00:55 |t č. 1-12, neúplné |w 2026-02-21 |y PREZ |z Chýba č. 11-12 | ||
| 952 | |0 0 |1 0 |4 0 |7 0 |8 0 |a SNK |b SNK |d 2022-07-15 |i snk2022/11254 |l 0 |o snkČSB 5625/20/2021 |p 17A1463574 |r 2026-02-21 20:10:29 |t č. 1-12 |w 2026-02-21 |y PREZ | ||
| 952 | |0 0 |1 0 |4 0 |7 0 |8 0 |a SNK |b SNK |d 2008-03-27 |i snk2008/7013 |l 0 |o snkČSB 5625/2/2003 D1 |p 17A0574780 |r 2026-02-21 20:21:48 |t č. 1-12, neúplné |w 2026-02-21 |y PREZ |z Chýba č. 1 | ||
| 952 | |0 0 |1 0 |3 obsahuje č. 1-12, ; Obsahuje príl. Rámcové procesuálne štandardy ... ; v č. 5 - ČSB 5625/4/2005/príl. 1 ; v č. 6 - ČSB 5625/4/2005/príl. 2 ; v č. 7 - ČSB 5625/4/2005/príl. 3 |4 0 |7 0 |8 0 |a SNK |b SNK |d 2008-03-27 |f 1 |i snk2008/7030 |l 0 |o snkČSB 5625/4/2005 |p 17A0574783 |r 2026-02-21 20:29:04 |t č. 1-12+3 príl. |w 2026-02-21 |y PREZ | ||
| 952 | |0 0 |1 0 |4 0 |7 0 |8 0 |a SNK |b SNK |d 2014-03-14 |f 1 |i snk2014/6647 |l 0 |o snkČSB 5625/11/2012 |p 17A0752117 |r 2026-02-21 20:42:01 |t č. 1-12 |w 2026-02-21 |y PREZ | ||
| 952 | |0 0 |1 0 |4 0 |7 0 |8 0 |a SNK |b SNK |d 2014-03-14 |i snk2014/6648 |l 0 |o snkČSB 5625/11/2012 D1 |p 17A0752116 |r 2026-02-21 20:42:02 |t č. 1-12 |w 2026-02-21 |y PREZ | ||
| 952 | |0 0 |1 0 |4 0 |7 0 |8 0 |a SNK |b SNK |d 2014-03-14 |f 1 |i snk2014/6650 |l 0 |o snkČSB 5625/12/2013 |p 17A0752118 |r 2026-02-21 20:42:02 |t č. 1-12 |w 2026-02-21 |y PREZ | ||
| 952 | |0 0 |1 0 |4 0 |7 0 |8 0 |a SNK |b SNK |d 2015-01-07 |i snk2015/70 |l 0 |o snkČSB 5625/12/2013 D1 |p 17A0870891 |r 2026-02-21 20:42:54 |t č. 1-12 |w 2026-02-21 |y PREZ | ||
| 952 | |0 0 |1 0 |4 0 |7 0 |8 0 |a SNK |b SNK |d 2008-03-27 |f 1 |i snk2008/7010 |l 0 |o snkČSB 5625/1/2002 |p 17A0574777 |r 2026-02-21 20:49:13 |t č. 1-12 |w 2026-02-21 |y PREZ | ||
| 952 | |0 0 |1 0 |4 0 |7 0 |8 0 |a SNK |b SNK |d 2008-03-27 |i snk2008/7011 |l 0 |o snkČSB 5625/1/2002 D1 |p 17A0574778 |r 2026-02-21 20:49:13 |t č. 1-12 |w 2026-02-21 |y PREZ | ||
| 952 | |0 0 |1 0 |4 0 |7 0 |8 0 |a SNK |b SNK |d 2008-03-27 |f 1 |i snk2008/7012 |l 0 |o snkČSB 5625/2/2003 |p 17A0574779 |r 2026-02-21 20:49:13 |t č. 1-12 |w 2026-02-21 |y PREZ | ||
| 952 | |0 0 |1 0 |4 0 |7 0 |8 0 |a SNK |b SNK |d 2008-03-27 |f 1 |i snk2008/7024 |l 0 |o snkČSB 5625/3/2004 |p 17A0574781 |r 2026-02-21 20:49:13 |t č. 1-12+4 príl. |w 2026-02-21 |y PREZ | ||
| 952 | |0 0 |1 0 |4 0 |7 0 |8 0 |a SNK |b SNK |d 2008-03-27 |i snk2008/7027 |l 0 |o snkČSB 5625/3/2004 D1 |p 17A0574782 |r 2026-02-21 20:49:13 |t č. 1-12 |w 2026-02-21 |y PREZ | ||
| 952 | |0 0 |1 0 |4 0 |7 0 |8 0 |a SNK |b SNK |d 2008-03-27 |i snk2008/7033 |l 0 |o snkČSB 5625/4/2005 D1 |p 17A0574784 |r 2026-02-21 20:49:13 |t č. 1-12 |w 2026-02-21 |y PREZ | ||
| 952 | |0 0 |1 0 |4 0 |7 0 |8 0 |a SNK |b SNK |d 2008-03-27 |f 1 |i snk2008/7037 |l 0 |o snkČSB 5625/5/2006 |p 17A0574785 |r 2026-02-21 20:49:13 |t č. 1-12 |w 2026-02-21 |y PREZ |z Súčasťou sú č. pokračujúceho titulu Sestra a lekár v praxi - č. 9-12 | ||
| 952 | |0 0 |1 0 |4 0 |7 0 |8 0 |a SNK |b SNK |d 2008-03-27 |i snk2008/7039 |l 0 |o snkČSB 5625/5/2006 D1 |p 17A0574786 |r 2026-02-21 20:49:13 |t č. 1-12 |w 2026-02-21 |y PREZ |z Súčasťou sú č. pokračujúceho titulu Sestra a lekár v praxi - č. 9-12 | ||
| 952 | |0 0 |1 0 |4 0 |7 0 |8 0 |a SNK |b SNK |d 2021-09-28 |f 1 |i snk2021/14003 |l 0 |o snkČSB 5625/19/2020 |p 17A1435935 |r 2026-02-21 21:29:17 |t č. 1-12 |w 2026-02-21 |y PREZ | ||
| 952 | |0 0 |1 0 |4 0 |7 0 |8 0 |a SNK |b SNK |d 2023-10-17 |i snk2023/14981 |l 0 |o snkČSB 5625/19/2020 D1 |p 17A1521283 |r 2026-02-21 21:39:20 |t č. 1-12 |w 2026-02-21 |y PREZ | ||
| 952 | |0 0 |1 0 |4 0 |7 0 |8 0 |a SNK |b SNK |d 2023-10-17 |i snk2023/14985 |l 0 |o snkČSB 5625/20/2021 D1 |p 17A1521284 |r 2026-02-21 21:39:20 |t č. 1-12 |w 2026-02-21 |y PREZ | ||
| 952 | |0 0 |1 0 |4 0 |7 0 |8 0 |a SNK |b SNK |d 2015-06-25 |f 1 |i snk2015/19760 |l 0 |o snkČSB 5625/13/2014 |p 17A1145260 |r 2026-02-21 21:46:06 |t č. 1-12 |w 2026-02-21 |y PREZ | ||
| 952 | |0 0 |1 0 |4 0 |7 0 |8 0 |a SNK |b SNK |d 2019-03-29 |i snk2019/8873 |l 0 |o snkČSB 5625/15/2016 D1 |p 17A1365442 |r 2026-02-21 21:59:06 |t č. 1-12, neúplné |w 2026-02-21 |y PREZ |z Chýba č. 5-6 | ||
| 952 | |0 0 |1 0 |4 0 |7 0 |8 0 |a SNK |b SNK |d 2019-03-29 |f 1 |i snk2019/8875 |l 0 |o snkČSB 5625/16/2017 |p 17A1365441 |r 2026-02-21 21:59:06 |t č. 1-12 |w 2026-02-21 |y PREZ | ||
| 952 | |0 0 |1 0 |4 0 |7 0 |8 0 |a SNK |b SNK |d 2019-03-29 |f 1 |i snk2019/8877 |l 0 |o snkČSB 5625/17/2018 |p 17A1365440 |r 2026-02-21 21:59:06 |t č. 1-12 |w 2026-02-21 |y PREZ | ||
| 952 | |0 0 |1 0 |4 0 |7 0 |8 0 |a SNK |b SNK |d 2020-06-08 |i snk2020/9763 |l 0 |o snkČSB 5625/16/2017 D1 |p 17A1388396 |r 2026-02-21 22:01:07 |t č. 1-12 |w 2026-02-21 |y PREZ | ||
| 952 | |0 0 |1 0 |4 0 |7 0 |8 0 |a SNK |b SNK |d 2017-12-01 |i snk2017/26656 |l 0 |o snkČSB 5625/13/2014 D1 |p 17A1266526 |r 2026-02-21 22:18:49 |t č. 1-12 |w 2026-02-21 |y PREZ | ||
| 952 | |0 0 |1 0 |4 0 |7 0 |8 0 |a SNK |b SNK |d 2017-12-01 |f 1 |i snk2017/26660 |l 0 |o snkČSB 5625/14/2015 |p 17A1266525 |r 2026-02-21 22:18:49 |t č. 1-12 |w 2026-02-21 |y PREZ | ||
| 952 | |0 0 |1 0 |4 0 |7 0 |8 0 |a SNK |b SNK |d 2017-12-01 |i snk2017/26661 |l 0 |o snkČSB 5625/14/2015 D1 |p 17A1266524 |r 2026-02-21 22:18:49 |t č. 1-12 |w 2026-02-21 |y PREZ | ||
| 952 | |0 0 |1 0 |4 0 |7 0 |8 0 |a SNK |b SNK |d 2017-12-01 |f 1 |i snk2017/26662 |l 0 |o snkČSB 5625/15/2016 |p 17A1266523 |r 2026-02-21 22:18:49 |t č. 1-12 |w 2026-02-21 |y PREZ | ||


